Elements of architecture : (Record no. 352215)
[ view plain ]
| 000 -LEADER | |
|---|---|
| fixed length control field | 00961 a2200253 4500 |
| 003 - CONTROL NUMBER IDENTIFIER | |
| control field | OSt |
| 005 - DATE AND TIME OF LATEST TRANSACTION | |
| control field | 20180116192327.0 |
| 008 - FIXED-LENGTH DATA ELEMENTS--GENERAL INFORMATION | |
| fixed length control field | 120420t xxu||||| |||| 00| 0 eng d |
| 010 ## - LIBRARY OF CONGRESS CONTROL NUMBER | |
| LC control number | 89024951 |
| 020 ## - INTERNATIONAL STANDARD BOOK NUMBER | |
| International Standard Book Number | 0747600147 |
| 020 ## - INTERNATIONAL STANDARD BOOK NUMBER | |
| International Standard Book Number | 0442311516 (U.S.) |
| 040 ## - CATALOGING SOURCE | |
| Transcribing agency | 0 |
| 082 00 - DEWEY DECIMAL CLASSIFICATION NUMBER | |
| Classification number | 720 |
| 100 1# - MAIN ENTRY--PERSONAL NAME | |
| Personal name | Meiss, Pierre von, |
| 9 (RLIN) | 973 |
| 245 10 - TITLE STATEMENT | |
| Title | Elements of architecture : |
| Remainder of title | from form to place / |
| Statement of responsibility, etc. | Pierre von Meiss ; forewords by Kenneth Frampton and Franz Oswald. |
| 260 ## - PUBLICATION, DISTRIBUTION, ETC. | |
| Place of publication, distribution, etc. | London ; |
| -- | New York, NY : |
| Name of publisher, distributor, etc. | Van Nostrand Reinhold, |
| Date of publication, distribution, etc. | c1990. |
| 300 ## - PHYSICAL DESCRIPTION | |
| Extent | xiv, 211 p. : |
| Other physical details | ill. ; |
| Dimensions | 23 cm. |
| 500 ## - GENERAL NOTE | |
| General note | Translation of: De la forme au lieu. |
| 500 ## - GENERAL NOTE | |
| General note | "First published in 1986 by Presses polytechniques romandes ... Lausanne, Switzerland"--T.p. verso. |
| 650 #0 - SUBJECT ADDED ENTRY--TOPICAL TERM | |
| Topical term or geographic name entry element | Architecture |
| General subdivision | Composition, proportion, etc. |
| 9 (RLIN) | 974 |
| 650 #0 - SUBJECT ADDED ENTRY--TOPICAL TERM | |
| Topical term or geographic name entry element | Space (Architecture) |
| 9 (RLIN) | 975 |
| 942 ## - ADDED ENTRY ELEMENTS (KOHA) | |
| Institution code [OBSOLETE] | SADA |
| Koha item type | Book |
| Call number prefix | 720 MEI 1990 |
| Source of classification or shelving scheme | |
| Withdrawn status | Lost status | Source of classification or shelving scheme | Damaged status | Not for loan | Permanent Location | Current Location | Date acquired | Total Checkouts | Total Renewals | Full call number | Barcode | Date last seen | Date last checked out | Cost, replacement price | Price effective from | Koha item type |
|---|---|---|---|---|---|---|---|---|---|---|---|---|---|---|---|---|
| School of Art Design and Architecture (SADA) | School of Art Design and Architecture (SADA) | 10/04/2010 | 5 | 5 | 720 MEI 1990 | SADA0000326 | 03/15/2016 | 12/31/2015 | 3438.00 | 08/05/2011 | Book |
